| 000 | 00463nam a22001697a 4500 | ||
|---|---|---|---|
| 003 | OSt | ||
| 005 | 20251113070915.0 | ||
| 008 | 251113b |||||||| |||| 00| 0 eng d | ||
| 010 | _a9512300 | ||
| 020 | _a080502848 | ||
| 040 | _cTWENTY -FIRST CENTURY BOOKS | ||
| 050 |
_aD 522.7 .G38 1995 _b.G38 1995 |
||
| 245 |
_aWORLD WAR 1/ _cGAY ,KATHLYN & GAY, MMARTIN |
||
| 250 | _a1ST EDITION | ||
| 260 |
_aNEWYORK: _bTWENTY FIRST CENTURY BOOKS, _c1995 |
||
| 942 |
_2lcc _cBK _n0 |
||
| 999 |
_c9786 _d9786 |
||